Responses for Show #5712 - Tuesday, June 9, 2009

Contestants

[<< previous game]

Tony Terry, an IT professional from Seminole, Florida

Kate Bilo, a TV weather anchor from State College, Pennsylvania

Baltazar Pinedo, a bilingual language development specialist from Modesto, California (whose 1-day cash winnings total $800)

[next game >>]

Jeopardy! Round responses

"A____A" IN THE ATLAS
2 FIRST NAMES?
FUN WITH LETTERS
UPPERS & DOWNERS
I KILLED A GUY ONCE
IN FLORIDA
    $200 1
Alabama

Baltazar
    $200 6
(Kate: Who is Roker?)

Willard Scott

BaltazarKate
    $200 11
B

Baltazar
    $200 21
a parachute

Baltazar
    $200 16
Julius Caesar

Baltazar
    $200 26
Tallahassee

Baltazar
    $400 2
Andorra

Kate
    $400 7
Ron Howard

Tony
    $400 12
P & T

Kate
    $400 22
ramps

Triple Stumper
    $400 17
Jesse James

Tony
    $400 27
the Everglades

Tony
    $600 3
(Tony: What is Alcoa?)
...
(Alex: The famous [*] mining concern.)

Anaconda

Tony
Triple Stumper
    $600 8
Steve Martin

Kate
    $600 13
M

Kate
    $600 23
a helicopter

Baltazar
    $600 18
Crazy Horse

Baltazar
    $600 28
(Tony: What is Madison?)

Jacksonville

Tony
Triple Stumper
    $800 4
Agra

Kate
    $800 9
Jenny Craig

Kate
    $800 14
C

Tony
    $2,000 24
(Baltazar: What is a bouncy house?)
...
(Alex: Comb plate, because all the steps have to fit in there, in the grooves.)

an escalator

Baltazar
    $800 19
Gandhi

Baltazar
    $800 29
Okeechobee

Tony
    $1000 5
(Alex: You're tied with Kate for the lead.)

Astoria

Baltazar
    $1000 10
(Alex: And once again, you are tied with Kate.)

Lenny Bruce

Baltazar
    $1000 15
U, V, W

Tony
    $1000 25
(Tony: What is a wheel?)

a pulley

BaltazarTony
    $1000 20
Archduke Ferdinand

Baltazar
    $1000 30
Key Largo

Tony

Scores at the first commercial break (after clue 15):

Baltazar Kate Tony
$2,600 $3,400 $1,600

Scores at the end of the Jeopardy! Round:

Baltazar Kate Tony
$5,200 $3,400 $2,600

Double Jeopardy! Round responses

THE PULITZER PRIZE FOR DRAMA
4-LETTER FILMS
SCIENCE GLOSSARY
WINE A LITTLE
RELIGIOUS MATTERS
GOOD "BI"
    $400 11
Cat on a Hot Tin Roof (or A Streetcar Named Desire)

Baltazar
    $400 22
Fame

Kate
    $400 6
DNA

Kate
    $400 1
vintage

Kate
    $400 12
the Dalai Lama

Baltazar
    $400 17
a biathlon

Baltazar
    $800 27
(Thornton) Wilder

Kate
    $800 23
Emma

Baltazar
    $800 7
salmonella

Baltazar
    $800 2
(Baltazar: What is Chianti?)

Marsala

BaltazarTony
    $800 13
Lutheran

Baltazar
    $800 18
Biden

Tony
    $1200 28
Atlanta

Triple Stumper
    $1200 24
Mask

Baltazar
    $1200 8
half-life

Tony
    $1200 3
(Baltazar: What is Bordeaux?)

Burgundy

BaltazarKate
    $1200 14
[Alex specifies that "M.Div." stands for "Masters of Divinity" in his read of the clue.]

a seminary

Baltazar
    $1200 19
biographies

Kate
    $1600 29
Moss Hart

Triple Stumper
    $1600 25
Heat

Baltazar
    $3,000 9
biodiversity

Tony
    $1600 4
Riesling

Kate
    $3,000 15
the Quakers (or the Society of Friends)

Baltazar
    $1600 20
bivalves

Baltazar
    $2000 30
Wit

Triple Stumper
    $2000 26
(Baltazar: What is... Jaws?)
...
(Alex: It was a scary film, too. It was called [*]. [*]. Anger on the roads.)

Duel

Baltazar
Triple Stumper
    $2000 10
osmosis

Tony
    $2000 5
Robert Mondavi

Tony
    $2000 16
miracles

Baltazar
    $2000 21
a bias

Baltazar

Scores at the end of the Double Jeopardy! Round:

Baltazar Kate Tony
$17,400 $9,400 $12,400

[wagering suggestions for these scores]

Final Jeopardy! Round responses

SIGNS OF THE TIMES
KateWhat is the National Defecit?
$8,100
TonyWhat is the national debt?
$10,200
BaltazarWhat is the National Debt?
$8,000
the national debt

Final scores:

Baltazar Kate Tony
$25,400 $1,300 $22,600
2-day champion: $26,200 3rd place: $1,000 2nd place: $2,000

Game dynamics:

Coryat scores:

Baltazar Kate Tony
$18,000 $9,400 $11,000
26 R
(including 1 DD),
4 W
(including 1 DD)
13 R,
1 W
13 R
(including 1 DD),
3 W

Combined Coryat: $38,400

[game clues] [game scores] [suggest correction]

Game tape date: 2009-03-04
The J! Archive is created by fans, for fans. Scraping, republication, monetization, and malicious use prohibited; this site may use cookies and collect identifying information. See terms. The Jeopardy! game show and all elements thereof, including but not limited to copyright and trademark thereto, are the property of Jeopardy Productions, Inc. and are protected under law. This website is not affiliated with, sponsored by, or operated by Jeopardy Productions, Inc. Join the discussion at JBoard.tv.